000 00381nam a22001337a 4500
008 230621b xxu||||| |||| 00| 0 eng d
082 _a328.3657
_bCPK
100 _cColony and protectorate of Kenya
245 _aReport of the Development Committee
_bVolume 1
260 _aNairobi
_bColony and protectorate of Kenya
_c1946
300 _a140p
440 _vVolume 1
942 _2ddc
_cBK
999 _c2139
_d2139